• 首页
  • 本馆介绍
  • 公告通知
  • 最新文献
  • 馆藏检索
  • 电子资源
  • 读者导购
  • 参考咨询
  • 我的图书馆
  • 登录
  • 详细信息显示
  • 放入我的书架
  • 预约/预借图书
  • 作者相关作品
  • 分类相关作品
  • 丛书相关作品
  • 出版社相关作品

书目信息

  • 表格格式
  • 工作单格式
  • 卡片格式
题名:
煤转化过程中汞的迁移行为及影响因素
    
 
作者: 郭少青 著
分册:  
出版信息: 北京   化学工业出版社  2012.12
页数: 220页
开本: 24cm
丛书名:
单 册:
中图分类: X501 , TQ530.2
科图分类:
主题词: 汞--重金属污染--环境污染--研究 , 煤--转化--研究
电子资源:
ISBN: 978-7-122-15309-8
000 01262nam0 2200265 45
001 1360080968
005 20130530155329.48
010    @a978-7-122-15309-8@dCNY68.00
100    @a20130513d2012 em y0chiy0121 ea
101 0  @achi
102    @aCN@b110000
105    @aak a 000yy
106    @ar
200 1  @a煤转化过程中汞的迁移行为及影响因素@AMei Zhuan Hua Guo Cheng Zhong Gong De Qian Yi Xing Wei Ji Ying Xiang Yin Su@f郭少青著@FGuo Shao Qing Zhu
210    @a北京@c化学工业出版社@d2012.12
215    @a220页@c图@d24cm
320    @a有书目
330    @a本书共分11章, 将热解反应系统和元素汞检测系统耦合, 建立了煤热分解过程气相元素汞生成特性的在线分析系统, 系统研究了中国典型动力煤种在煤转化过程中汞的迁移行为; 通过采用不同的热解气氛以及热解条件研究影响汞迁移行为的各种因素; 同时考察了煤中氟、氯在不同热解条件下的阶段逸出行为, 并通过在煤上担载氯化钠和氟化钠, 考察了氟和氯对煤中汞迁移行为的影响; 通过对原煤进行分步酸洗, 研究了不同酸洗煤在热解条件下气态元素汞的阶段生成特征, 并据此介绍了汞在煤中可能的赋存形态及其热稳定性。
606 0  @a汞@x重金属污染@x环境污染@x研究
606 0  @a煤@x转化@x研究
690    @aX501@v5
690    @aTQ530.2@v5
701  0 @a郭少青@AGuo Shao Qing@4著
801    @aCN@bTANGWEI@c20130522
905    @b0833876-79@dX501@e115@f4
    
    煤转化过程中汞的迁移行为及影响因素/郭少青著.-北京:化学工业出版社,2012.12
    220页:图;24cm
    
    
    ISBN 978-7-122-15309-8:CNY68.00
    本书共分11章, 将热解反应系统和元素汞检测系统耦合, 建立了煤热分解过程气相元素汞生成特性的在线分析系统, 系统研究了中国典型动力煤种在煤转化过程中汞的迁移行为; 通过采用不同的热解气氛以及热解条件研究影响汞迁移行为的各种因素; 同时考察了煤中氟、氯在不同热解条件下的阶段逸出行为, 并通过在煤上担载氯化钠和氟化钠, 考察了氟和氯对煤中汞迁移行为的影响; 通过对原煤进行分步酸洗, 研究了不同酸洗煤在热解条件下气态元素汞的阶段生成特征, 并据此介绍了汞在煤中可能的赋存形态及其热稳定性。
●
相关链接 在E读中查询图书 在五车中查询图书 在当当中查询图书 在豆瓣中查询图书


正题名:煤转化过程中汞的迁移行为及影响因素     索取号:X501/115         预约/预借

序号 登录号 条形码 馆藏地/架位号 状态 备注
1 0833876   208338761   第二样本阅览室/ [索取号:X501/115] 在馆    
2 0833877   208338770   第三借阅区/ [索取号:X501/115] 在馆    
3 0833878   208338789   第三借阅区/ [索取号:X501/115] 在馆    
4 0833879   208338798   密集书库-化学系/ [索取号:X501/115] 在馆    
唐山师范学院图书馆 欢迎您!
大连网信软件有限公司© 版权所有